[Event "Zagreb Open GpA"]
[Site "Zagreb CRO"]
[Date "2010.03.01"]
[Round "6"]
[White "Mrdja,M"]
[Black "Ivekovic,Z"]
[Result "1-0"]
[WhiteElo "2392"]
[BlackElo "2283"]
[EventDate "2010.02.25"]

1. e4 c5 2. Nf3 d6 3. d4 cxd4 4. Nxd4 Nf6 5. Nc3 a6 6. f3 e5 7. Nb3 Be6 8.
Be3 Be7 9. Qd2 O-O 10. O-O-O a5 11. Kb1 a4 12. Nc1 a3 13. b3 Nc6 14. g4 Nb4
15. g5 Ne8 16. Nb5 Na6 17. c4 Qc8 18. Ne2 f5 19. Nec3 Nac7 20. h4 Nxb5 21.
cxb5 Bd8 22. Nd5 Kh8 23. Rc1 Qd7 24. Bc4 Ba5 25. Qd3 Rc8 26. b6 Qd8 27. b4
Bxd5 28. Qxd5 Bxb6 29. Bd2 Nc7 30. Qxb7 Rb8 31. Qc6 Bc5 32. Bb3 Rb6 33.
Rxc5 dxc5 34. Qxc5 Na6 35. Qe3 fxe4 36. fxe4 Nxb4 37. Bc1 Ra6 38. Rd1 Qc7
39. h5 Nc6 40. Qc5 Qe7 41. Qb5 Rfa8 42. Rd5 Qa7 43. h6 Rb8 44. Qd3 Nd4 45.
Be3 Qb7 46. Bxd4 exd4 47. Qxd4 Rf8 48. Rd7 Rf1+ 49. Kc2 Qc6+ 50. Qc4 Rf2+
51. Kb1 Rf1+ 52. Qxf1 Qxe4+ 53. Rd3 1-0

[Event "Zagreb Open GpA"]
[Site "Zagreb CRO"]
[Date "2010.03.01"]
[Round "6"]
[White "Brumen,D"]
[Black "Zivkovic,Vj"]
[Result "1/2-1/2"]
[WhiteElo "2358"]
[BlackElo "2396"]
[EventDate "2010.02.25"]

1. d4 Nf6 2. c4 d6 3. Nf3 g6 4. Nc3 Bg7 5. e4 O-O 6. Be2 e5 7. Be3 c6 8.
O-O Ng4 9. Bg5 f6 10. Bh4 Nh6 11. b4 g5 12. Bg3 g4 13. Nh4 exd4 14. Na4 f5
15. Nxf5 Bxf5 16. exf5 Nxf5 17. Bxg4 Nxg3 1/2-1/2

[Event "Zagreb Open GpA"]
[Site "Zagreb CRO"]
[Date "2010.03.01"]
[Round "6"]
[White "Armanda,I"]
[Black "Franic,M"]
[Result "1-0"]
[WhiteElo "2345"]
[BlackElo "2392"]
[EventDate "2010.02.25"]

1. e4 c5 2. Nf3 a6 3. c3 d6 4. d4 Nf6 5. Bd3 Bg4 6. h3 Bh5 7. e5 dxe5 8.
dxe5 Ng8 9. e6 fxe6 10. g4 Bf7 11. Bf4 Nc6 12. Qe2 Nf6 13. Nbd2 b5 14. Ne4
c4 15. Bc2 Nd5 16. Bg3 h6 17. Rd1 Qb6 18. Rxd5 exd5 19. Nd6+ Kd7 20. Nxf7
1-0

[Event "Zagreb Open GpA"]
[Site "Zagreb CRO"]
[Date "2010.03.01"]
[Round "6"]
[White "Plenkovic,Z"]
[Black "Bender,I"]
[Result "1-0"]
[WhiteElo "2388"]
[BlackElo "2310"]
[EventDate "2010.02.25"]

1. e4 c5 2. Nf3 d6 3. d4 cxd4 4. Nxd4 Nf6 5. Nc3 a6 6. Be3 e5 7. Nb3 Be7 8.
f3 Be6 9. Qd2 h5 10. O-O-O Nbd7 11. Kb1 Rc8 12. Nd5 Bxd5 13. exd5 Nh7 14.
h4 g6 15. g4 Bxh4 16. gxh5 g5 17. Bh3 Bg3 18. Bxd7+ Qxd7 19. Bxg5 Nxg5 20.
Qxg5 Bf4 21. Qg4 Ke7 22. Qh4+ Kf8 23. Nd4 Rh6 24. Ne2 Qf5 25. Nxf4 Qxf4 26.
Qxf4 exf4 27. Rd4 Re8 28. c4 Re5 29. Rxf4 Rexh5 30. Rxh5 Rxh5 31. Kc2 b5
32. Kc3 Rh2 33. cxb5 axb5 34. Rb4 Rf2 35. Rxb5 Rxf3+ 36. Kb4 Ke7 37. Ka5
Kd7 38. Kb6 Rf4 39. b4 Rg4 40. a4 f5 41. Ka5 f4 42. Rb7+ Ke8 43. Rh7 f3 44.
Rh1 f2 45. Rf1 Rf4 46. b5 Kd7 47. b6 Kc8 48. Kb5 Kb7 49. a5 Rf6 50. a6+ Kb8
51. Kc6 Ka8 52. Kc7 Rf7+ 53. Kxd6 Rf6+ 54. Kc5 1-0

[Event "Zagreb Open GpA"]
[Site "Zagreb CRO"]
[Date "2010.03.01"]
[Round "6"]
[White "Pandurevic,M"]
[Black "Bukal,V jr"]
[Result "0-1"]
[WhiteElo "2314"]
[BlackElo "2378"]
[EventDate "2010.02.25"]

1. e4 g6 2. Nc3 Bg7 3. g3 d6 4. Bg2 c5 5. Nge2 Nc6 6. h3 e6 7. d3 Nge7 8.
Be3 Nd4 9. Qd2 Rb8 10. Nd1 O-O 11. Nxd4 cxd4 12. Bh6 Nc6 13. Bxg7 Kxg7 14.
O-O e5 15. f4 Qa5 16. c3 b5 17. f5 f6 18. h4 dxc3 19. bxc3 b4 20. g4 bxc3
21. Nxc3 Nd4 22. Kh1 h6 23. g5 hxg5 24. fxg6 Rh8 25. Rxf6 Rxh4+ 26. Bh3
Rxh3+ 27. Kg2 Kxf6 28. g7 Qd8 29. g8=Q Qxg8 30. Nd5+ Kf7 31. Rf1+ Rf3 32.
Rxf3+ Nxf3 0-1

[Event "Zagreb Open GpA"]
[Site "Zagreb CRO"]
[Date "2010.03.01"]
[Round "6"]
[White "Loncar,R"]
[Black "Klasan,V"]
[Result "1-0"]
[WhiteElo "2424"]
[BlackElo "2353"]
[EventDate "2010.02.25"]

1. d4 d5 2. c4 c6 3. cxd5 cxd5 4. Nc3 Nf6 5. Bf4 Nc6 6. e3 Bf5 7. Rc1 e6 8.
Qb3 Bb4 9. Bb5 Qa5 10. Bxc6+ bxc6 11. a3 Bxc3+ 12. Qxc3 Qxc3+ 13. Rxc3 Rc8
14. f3 Ke7 15. Ne2 Nd7 16. Kd2 c5 17. dxc5 Rxc5 18. Rxc5 Nxc5 19. Nd4 Rc8
20. Rc1 Kd7 21. b4 Nb7 22. Rxc8 Kxc8 23. Nxf5 exf5 24. Kd3 Kd7 25. Kd4 Kc6
26. a4 a6 27. b5+ axb5 28. axb5+ Kxb5 29. Kxd5 Nc5 30. Be5 g6 31. Kd6 Kc4
32. Ke7 Kd3 33. Bd4 Nb3 34. Bb6 Ke2 35. Kxf7 Nd2 36. Kg7 Kf1 37. Kxh7 Kxg2
38. f4 Kxh2 39. Kxg6 Nc4 40. Bc5 1-0

[Event "Zagreb Open GpA"]
[Site "Zagreb CRO"]
[Date "2010.03.01"]
[Round "6"]
[White "Biti,O"]
[Black "Runic,Z"]
[Result "1/2-1/2"]
[WhiteElo "2399"]
[BlackElo "2427"]
[EventDate "2010.02.25"]

1. e4 Nf6 2. e5 Nd5 3. d4 d6 4. c4 Nb6 5. exd6 cxd6 6. d5 e5 7. Nc3 Be7 8.
Bd3 O-O 9. Nge2 N6d7 10. O-O f5 11. Bc2 g6 12. Kh1 Na6 13. a3 Nb6 14. b3
Nc7 15. f4 exf4 16. Bxf4 Bg5 17. Qd2 Bxf4 18. Qxf4 Ne8 19. Rae1 Bd7 20. Nd4
Qf6 21. Qf2 Nc8 22. Qe3 Ng7 23. Ne4 Qe7 24. Ng5 Qxe3 25. Rxe3 a6 26. b4
1/2-1/2

[Event "Zagreb Open GpA"]
[Site "Zagreb CRO"]
[Date "2010.03.01"]
[Round "6"]
[White "Maras,M"]
[Black "Jurkovic,A"]
[Result "1-0"]
[WhiteElo "2256"]
[BlackElo "2330"]
[EventDate "2010.02.25"]

1. d4 d6 2. Nf3 Bg4 3. Nc3 Nf6 4. e4 Nbd7 5. e5 dxe5 6. dxe5 Nxe5 7. Qxd8+
Rxd8 8. Nxe5 Bf5 9. Bd3 Bxd3 10. Nxd3 e6 11. Bf4 c6 12. O-O-O Be7 13. Ne5
Nd5 14. Nxd5 cxd5 15. Be3 f6 16. Nf3 Kf7 17. Kb1 a6 18. Rhe1 e5 19. c3 b5
20. Bb6 Rd7 21. Nxe5+ fxe5 22. Rxe5 Rb8 23. Ba5 Bd8 24. Bxd8 Rbxd8 25. Rd4
Kf6 26. f4 Re7 27. Rexd5 Rxd5 28. Rxd5 Re2 29. Rg5 Rf2 30. Rg3 g6 31. a4
bxa4 32. Ka2 Ke6 33. Rg5 Rxf4 34. Ra5 Rf2 35. Rxa6+ Ke5 36. Ra5+ Kf6 37.
Rxa4 Rxg2 38. Rh4 h5 39. c4 Kg5 40. Rh3 Kg4 41. Rc3 Rxh2 42. c5 Rf2 43. c6
Rf8 44. b4 h4 45. c7 Rc8 46. b5 h3 47. b6 h2 48. Rc1 Kf3 49. Rh1 1-0

[Event "Zagreb Open GpA"]
[Site "Zagreb CRO"]
[Date "2010.03.02"]
[Round "7"]
[White "Ulibin,M"]
[Black "Radulski,J"]
[Result "1/2-1/2"]
[WhiteElo "2548"]
[BlackElo "2577"]
[EventDate "2010.02.25"]

1. d4 d5 2. c4 e6 3. Nf3 Nf6 4. g3 Be7 5. Bg2 O-O 6. O-O dxc4 7. Qc2 a6 8.
Qxc4 b5 9. Qc2 Bb7 10. Bd2 Be4 11. Qc1 Nbd7 12. Ba5 Rc8 13. Nbd2 Ba8 14.
Ne5 Bxg2 1/2-1/2

[Event "Zagreb Open GpA"]
[Site "Zagreb CRO"]
[Date "2010.03.02"]
[Round "7"]
[White "Kozul,Z"]
[Black "Chatalbashev,B"]
[Result "1-0"]
[WhiteElo "2617"]
[BlackElo "2561"]
[EventDate "2010.02.25"]

1. d4 Nf6 2. Nf3 e6 3. c4 c5 4. d5 d6 5. Nc3 exd5 6. cxd5 g6 7. Nd2 Bg7 8.
e4 O-O 9. Be2 Nbd7 10. O-O Re8 11. a4 Ne5 12. Qc2 Bg4 13. Bxg4 Nfxg4 14. h3
Nf6 15. f4 Ned7 16. Nf3 Rc8 17. Re1 c4 18. e5 dxe5 19. fxe5 Nxd5 20. Nxd5
Nxe5 21. Nxe5 Qxd5 22. Nf3 Rxe1+ 23. Nxe1 c3 24. b3 Qd4+ 25. Kf1 Rd8 26.
Bg5 f6 27. Nf3 Qb6 28. Bh4 Qc6 29. Bf2 f5 30. Re1 a6 31. Kg1 b5 32. axb5
axb5 33. b4 Qc4 34. Bc5 h6 35. h4 Ra8 36. Qe2 Qxe2 37. Rxe2 g5 38. hxg5
hxg5 39. Nxg5 Bh6 40. Nf3 Ra1+ 41. Kf2 Rc1 42. Be3 Bxe3+ 43. Kxe3 Rb1 44.
Kd3 Rxb4 45. Nd4 Kf7 1-0

[Event "Zagreb Open GpA"]
[Site "Zagreb CRO"]
[Date "2010.03.02"]
[Round "7"]
[White "Brkic,A"]
[Black "Rogulj,B"]
[Result "1/2-1/2"]
[WhiteElo "2564"]
[BlackElo "2431"]
[EventDate "2010.02.25"]

1. e4 e5 2. Nf3 Nc6 3. Bc4 Nf6 4. d3 Bc5 5. c3 d6 6. Bb3 O-O 7. O-O a6 8.
h3 Ba7 9. Re1 Be6 10. Bc2 d5 11. exd5 Qxd5 12. Bg5 Nd7 13. Nbd2 Nc5 14. Qe2
h6 15. Bh4 a5 16. Nxe5 Bf5 17. Nxc6 bxc6 18. Ne4 Rfe8 19. Qf3 Bg6 20. Nxc5
Qxf3 21. gxf3 Bxc5 22. Bg3 Reb8 23. b3 Bd6 24. Re2 c5 25. Rae1 Bf5 26. Kg2
Be6 27. c4 a4 28. bxa4 Kf8 29. Bb3 Bd7 30. Re4 Bc6 31. Bxd6+ cxd6 32. Re7
Re8 33. Rxe8+ Bxe8 34. d4 cxd4 35. Rd1 Ke7 36. Rxd4 Bc6 37. Kg3 Ra5 38. h4
h5 39. f4 g6 40. f3 Ke6 41. c5+ d5 42. Re4+ Kd7 43. Re3 Rxc5 44. f5 Kd6 45.
fxg6 fxg6 46. Kf4 Bd7 47. Rd3 Bxa4 48. Kg5 Bb5 49. Rd2 d4+ 50. Kxg6 Ke5 51.
Kxh5 d3 52. Kg5 Kd4+ 53. Kf4 Bd7 54. Rh2 Rf5+ 55. Kg3 Ke3 56. Bd1 Bc6 57.
h5 Rg5+ 58. Kh4 Kf4 59. Rb2 Rg1 60. Rb4+ Ke3 61. Bb3 Bxf3 62. h6 Be4 63.
Kh5 Bf3+ 64. Kh4 Rg6 65. h7 Rh6+ 66. Kg5 Rxh7 67. Rb8 Rh5+ 68. Kg6 Ra5 69.
Rd8 d2 70. Kf6 Be4 71. Rd7 Ra3 72. Bd1 Rxa2 73. Re7 Kf4 74. Kg7 Ra1 75. Bb3
Rg1+ 76. Kf8 Bd5 77. Re2 Bxb3 78. Rxd2 Ke5 79. Ke7 Rg7+ 80. Kf8 Rf7+ 81.
Ke8 Rh7 82. Rf2 Kd6 83. Kf8 Bd5 84. Rf6+ Be6 85. Rf2 Rh3 86. Kg7 Ke7 87.
Rc2 Kd6 88. Rf2 Bd5 89. Kf6 Rh8 90. Rf4 Rg8 91. Kf5 Rh8 92. Kf6 Rh3 93. Kf5
Be6+ 94. Ke4 Ra3 95. Kd4 Ra5 96. Ke4 Bd5+ 97. Kf5 Be6+ 98. Ke4 Ra1 99. Kd4
Rc1 100. Ke4 Rd1 101. Ke3 Bd5 102. Ke2 Ra1 103. Rf2 Ke5 104. Ke3 Ra3+ 105.
Kd2 Kd4 106. Rf4+ Be4 107. Rf2 Rb3 108. Ke2 Ra3 109. Kd2 Bf3 110. Ke1 Ke4
111. Rb2 Ra1+ 112. Kf2 Kf4 113. Rb4+ Be4 114. Rb2 Rh1 115. Rd2 Rh3 116. Ke2
Re3+ 117. Kf2 Bd3 118. Rb2 Rf3+ 119. Ke1 Ke4 120. Kd2 Kd4 121. Rb4+ Bc4
122. Rb2 Re3 123. Kc2 Rd3 124. Kc1 Rf3 125. Kc2 Rc3+ 126. Kd2 Bb3 127. Ke1
Rh3 128. Rd2+ Kc3 129. Rg2 1/2-1/2

[Event "Zagreb Open GpA"]
[Site "Zagreb CRO"]
[Date "2010.03.02"]
[Round "7"]
[White "Palac,M"]
[Black "Fercec,N"]
[Result "1-0"]
[WhiteElo "2563"]
[BlackElo "2492"]
[EventDate "2010.02.25"]

1. e4 c5 2. Nf3 d6 3. d4 cxd4 4. Nxd4 Nf6 5. Nc3 a6 6. Be3 e5 7. Nb3 Be6 8.
Qd2 Be7 9. f4 O-O 10. f5 Bxb3 11. axb3 Nc6 12. Be2 Nb4 13. Nd5 Nfxd5 14.
exd5 a5 15. O-O h6 16. c3 Na6 17. Ra4 Bg5 18. Bxg5 Qxg5 19. Qxg5 hxg5 20.
Rxa5 Nc7 21. Rfa1 Rxa5 22. Rxa5 b6 23. Ra7 Nxd5 24. Rd7 Ra8 25. Rxd6 Nf6
26. Rxb6 Ra2 27. Bc4 g4 28. Rb8+ Kh7 29. Bxf7 Rxb2 30. h4 gxh3 31. gxh3 g5
32. fxg6+ Kg7 33. Rb5 e4 34. Re5 Rc2 35. c4 Rc3 36. b4 Rxh3 37. c5 Rc3 38.
Be6 Kxg6 39. b5 e3 40. b6 1-0

[Event "Zagreb Open GpA"]
[Site "Zagreb CRO"]
[Date "2010.03.02"]
[Round "7"]
[White "Gleizerov,E"]
[Black "Stanojoski,Z"]
[Result "0-1"]
[WhiteElo "2565"]
[BlackElo "2499"]
[EventDate "2010.02.25"]

1. d4 d5 2. c4 e6 3. Nf3 c6 4. g3 dxc4 5. Bg2 b5 6. O-O Bb7 7. a4 a6 8. Ne5
Nf6 9. Nc3 Qc8 10. e4 Nbd7 11. f4 Be7 12. f5 exf5 13. Bh3 Nxe5 14. dxe5 Ng4
15. Rxf5 g6 16. Qxg4 h5 17. Qe2 gxf5 18. exf5 Qc7 19. Bf4 h4 20. Bg4 hxg3
21. Bxg3 Bh4 22. Ne4 Bxg3 23. Nd6+ Kf8 24. hxg3 f6 25. Re1 Rb8 26. Bh5 Qg7
27. Bg6 c5 28. Nxb7 Qxb7 29. Bh5 Qg7 30. Bg6 fxe5 31. axb5 axb5 32. Qe3 Qe7
33. Rd1 Rd8 34. Rxd8+ Qxd8 35. Qxc5+ Kg8 36. Qxe5 Qd1+ 37. Kg2 Qh1+ 0-1

[Event "Zagreb Open GpA"]
[Site "Zagreb CRO"]
[Date "2010.03.02"]
[Round "7"]
[White "Saric,Ib"]
[Black "Saric,A"]
[Result "1/2-1/2"]
[WhiteElo "2556"]
[BlackElo "2480"]
[EventDate "2010.02.25"]

1. d4 Nf6 2. c4 e6 3. Nc3 Bb4 4. e3 c5 5. Nge2 d5 6. a3 Bxc3+ 7. Nxc3 cxd4
8. exd4 dxc4 9. Bxc4 Nc6 10. d5 exd5 11. Nxd5 Be6 1/2-1/2

[Event "Zagreb Open GpA"]
[Site "Zagreb CRO"]
[Date "2010.03.02"]
[Round "7"]
[White "Blagojevic,Dr"]
[Black "Kovacevic,Bl"]
[Result "1/2-1/2"]
[WhiteElo "2528"]
[BlackElo "2447"]
[EventDate "2010.02.25"]

1. d4 d5 2. c4 c6 3. Nc3 Nf6 4. e3 a6 5. Nf3 b5 6. b3 Bf5 7. Ne5 h6 8. cxd5
cxd5 9. a4 b4 10. Ne2 e6 11. Bb2 Bd6 12. Ng3 Bh7 13. Bd3 Bxd3 14. Qxd3 O-O
15. O-O Ra7 16. Rac1 Qb6 17. Rc2 Rc7 18. Rxc7 Qxc7 19. Rc1 Qb7 20. Qc2 Re8
21. Ne2 Re7 22. Qc8+ Qxc8 23. Rxc8+ Re8 24. Rc2 Re7 25. Nd3 a5 26. f3 Rc7
27. Rxc7 Bxc7 28. Bc1 Nc6 29. Bd2 Kf8 30. Be1 Nd7 31. Bg3 Bxg3 32. Nxg3 f6
33. Kf2 Kf7 34. h4 g5 35. hxg5 hxg5 1/2-1/2

[Event "Zagreb Open GpA"]
[Site "Zagreb CRO"]
[Date "2010.03.02"]
[Round "7"]
[White "Drasko,M"]
[Black "Plenkovic,Z"]
[Result "1-0"]
[WhiteElo "2537"]
[BlackElo "2388"]
[EventDate "2010.02.25"]

1. d4 Nf6 2. c4 g6 3. Nf3 Bg7 4. g3 O-O 5. Bg2 d6 6. O-O Nc6 7. Nc3 Bf5 8.
d5 Na5 9. Nd4 Bd7 10. b3 c5 11. dxc6 bxc6 12. e4 Qc8 13. f3 Bh3 14. Be3
Bxg2 15. Kxg2 Rd8 16. Qd2 Nb7 17. Rad1 a5 18. Na4 Nd7 19. Nc2 Qc7 20. Qf2
c5 21. Na3 Nb6 22. Nb5 Qc6 23. Nac3 Rd7 24. a4 Nd8 25. Rd3 Qb7 26. Rfd1 Nc6
27. f4 Nb4 28. R3d2 Rad8 29. Qf3 Qc6 30. h4 e6 31. Kh2 Bf8 32. Bf2 Be7 33.
Qe2 Bf8 34. f5 d5 35. fxe6 fxe6 36. exd5 exd5 37. cxd5 N4xd5 38. Nxd5 Rxd5
39. Qf3 Qb7 40. Nc3 Rxd2 41. Qxb7 1-0

[Event "Zagreb Open GpA"]
[Site "Zagreb CRO"]
[Date "2010.03.02"]
[Round "7"]
[White "Cebalo,M"]
[Black "Mrdja,M"]
[Result "1-0"]
[WhiteElo "2500"]
[BlackElo "2392"]
[EventDate "2010.02.25"]

1. c4 g6 2. d4 Nf6 3. Nc3 d5 4. cxd5 Nxd5 5. Bd2 Nb6 6. Bf4 Bg7 7. e3 O-O
8. Nf3 c6 9. Be2 N8d7 10. O-O Qe8 11. Bc7 Nf6 12. a4 Nbd5 13. Be5 a5 14. h3
Nb4 15. Bc4 Bf5 16. Rc1 Qd7 17. Qb3 Bh6 18. Rfd1 Ne4 19. Bh2 Nd6 20. Ne5
Qe8 21. d5 Bg7 22. dxc6 Bxe5 23. Bxe5 Nxc4 24. Qxc4 Qxc6 25. Nd5 Nxd5 26.
Qxd5 Qxd5 27. Rxd5 f6 28. Bc7 Rfc8 29. Rc3 Kf7 30. f3 Ke8 31. Rb5 Bd7 32.
Rxb7 Bxa4 33. Bxa5 Bc6 34. Rb6 Bd7 35. Rxc8+ Bxc8 36. Bb4 Ra1+ 37. Kf2 Rc1
38. Bd2 Rb1 39. e4 Kf7 40. Be3 g5 41. e5 Ra1 42. Rc6 Bd7 43. Rc7 Ke6 44.
exf6 exf6 45. Bd4 f5 46. Rb7 h5 47. Bc3 g4 48. Rb6+ Kd5 49. Rh6 gxh3 50.
gxh3 Be8 51. Rf6 Bd7 52. h4 Rh1 53. Kg3 Be6 54. Rf8 Kd6 55. Bf6 Bd7 56. Kf4
Rf1 57. Be5+ Ke7 58. Rh8 Bc6 59. Rh7+ Ke8 60. Rxh5 Rxf3+ 61. Kg5 Ke7 62.
Rh6 Be4 63. h5 Rf1 64. Bd6+ Kd7 65. Rf6 Rg1+ 66. Kf4 Rg4+ 67. Ke5 Bd3 68.
Rf7+ Kc6 69. Rc7+ Kb6 70. Rc3 Bb1 71. h6 f4 72. Rf3 Kc6 73. Bf8 Rg2 74. b4
Kd7 75. Rxf4 Rg5+ 76. Kf6 Rh5 77. Rd4+ Kc6 78. Rc4+ Kb6 79. Rc5 Rh4 80. Rg5
Rf4+ 81. Kg7 Rh4 82. Be7 Rh3 83. Bd8+ Kc6 84. b5+ Kb7 85. Rg6 Bxg6 86. Kxg6
Kc8 87. Bf6 Kc7 88. Bd4 Rg3+ 89. Kh5 Rh3+ 90. Kg5 Kd6 91. Bf2 Ke6 92. Kg6
Rh2 93. Be3 Rg2+ 94. Bg5 Kd6 95. h7 1-0

[Event "Zagreb Open GpA"]
[Site "Zagreb CRO"]
[Date "2010.03.02"]
[Round "7"]
[White "Bukal,V jr"]
[Black "Zufic,M"]
[Result "1/2-1/2"]
[WhiteElo "2378"]
[BlackElo "2450"]
[EventDate "2010.02.25"]

1. d4 Nf6 2. c4 g6 3. g3 Bg7 4. Bg2 d5 5. cxd5 Nxd5 6. e4 Nb6 7. Ne2 O-O 8.
O-O c5 9. d5 e6 10. Nec3 Na6 11. a4 Nb4 12. Na3 exd5 13. exd5 Bf5 14. Be3
Nd3 15. a5 Nd7 16. g4 Nxb2 17. Qb3 Qxa5 18. gxf5 Qb4 19. Qxb4 cxb4 20. Ncb5
bxa3 21. Rxa3 a6 22. Nc7 Rac8 23. d6 Nc4 24. Rd3 Nxd6 25. Rxd6 Rxc7 26.
Rfd1 Nf6 27. Bb6 Rc2 28. Bxb7 gxf5 29. Bxa6 Ne4 30. Bd3 Rb2 31. Rc6 Re8 32.
Re1 Rb8 33. Ba7 Ra8 34. Rc7 Be5 35. Re7 Bd6 36. Rd7 Bc5 37. Bxc5 Nxc5 38.
Rd5 Nxd3 39. Rxd3 Ra6 1/2-1/2

[Event "Zagreb Open GpA"]
[Site "Zagreb CRO"]
[Date "2010.03.02"]
[Round "7"]
[White "Brumen,D"]
[Black "Armanda,I"]
[Result "1-0"]
[WhiteElo "2358"]
[BlackElo "2345"]
[EventDate "2010.02.25"]

1. d4 Nf6 2. Nf3 g6 3. c4 Bg7 4. Nc3 O-O 5. e4 d6 6. Be2 Na6 7. O-O e5 8.
Be3 Ng4 9. Bg5 Qe8 10. dxe5 dxe5 11. h3 h6 12. Bd2 Nf6 13. Be3 b6 14. Qc1
Kh7 15. Rb1 Bb7 16. Nd2 Nb4 17. c5 Qe7 18. Re1 Rfd8 19. a3 Nd3 20. Bxd3
Rxd3 21. Qc2 Rad8 22. b4 h5 23. Nf3 Kg8 24. Bg5 bxc5 25. Na4 cxb4 26. axb4
Bc8 27. Nc5 R3d6 28. Ra1 a6 29. Ra5 Re8 30. Nd3 Qf8 31. Ndxe5 Nd7 32. Nd3
Nb8 33. Rc5 Bd7 34. Bf4 Rf6 35. e5 Rc6 36. Nd4 Rxc5 37. Nxc5 Bc8 38. Qc4
Kh7 39. Ne4 Kh8 40. Ng5 Re7 41. Re3 Be6 42. Qc2 Qe8 43. Ngxe6 fxe6 44. Rg3
Qf7 45. Qe4 Rd7 46. Be3 Rd5 47. f4 Kh7 48. Rg5 Bh6 49. Rxh5 Kg7 50. Rxh6
Rxd4 51. Qxd4 Kxh6 52. Qd8 1-0

[Event "Zagreb Open GpA"]
[Site "Zagreb CRO"]
[Date "2010.03.02"]
[Round "7"]
[White "Ivekovic,Z"]
[Black "Loncar,R"]
[Result "0-1"]
[WhiteElo "2283"]
[BlackElo "2424"]
[EventDate "2010.02.25"]

1. e4 e5 2. Nf3 d6 3. d4 exd4 4. Nxd4 Nf6 5. Nc3 Be7 6. Be2 O-O 7. Be3 Re8
8. Qd2 Bf8 9. Bf3 Nbd7 10. O-O-O Nc5 11. Bg5 h6 12. Bxf6 Qxf6 13. Nd5 Qd8
14. Qf4 c6 15. Nc3 Be7 16. Kb1 Bf6 17. Qd2 Qb6 18. h4 Nd7 19. Be2 Nc5 20.
f3 Ne6 21. Nxe6 Bxe6 22. Na4 Qf2 23. g4 Bxh4 24. f4 Bf6 25. Rh5 Bxa2+ 26.
Kxa2 Rxe4 27. g5 Rxe2 28. Qd3 Qxf4 29. Qxe2 Qxa4+ 30. Kb1 Bxg5 31. Rxd6 c5
32. Rd5 Bf6 33. Rxc5 Re8 34. Qd1 b6 35. Rb5 g6 36. Rhd5 Qh4 37. Qd3 Re1+
0-1

[Event "Zagreb Open GpA"]
[Site "Zagreb CRO"]
[Date "2010.03.02"]
[Round "7"]
[White "Zivkovic,Vj"]
[Black "Messing,H"]
[Result "1/2-1/2"]
[WhiteElo "2396"]
[BlackElo "2331"]
[EventDate "2010.02.25"]

1. e4 e5 2. Nf3 Nc6 3. Bb5 a6 4. Ba4 Nf6 5. O-O Be7 6. Re1 b5 7. Bb3 O-O 8.
h3 Bb7 9. d3 d6 10. a3 Na5 11. Ba2 c5 12. Nbd2 Re8 13. Nf1 Bf8 14. Bg5 h6
15. Bh4 Nc6 16. Ne3 Nd4 17. Bxf6 Qxf6 18. Bd5 Nxf3+ 19. Qxf3 Qxf3 20. gxf3
Ra7 21. Bxb7 Rxb7 22. Nd5 f5 23. b3 fxe4 24. fxe4 Be7 25. a4 1/2-1/2

[Event "Zagreb Open GpA"]
[Site "Zagreb CRO"]
[Date "2010.03.02"]
[Round "7"]
[White "Bender,I"]
[Black "Biti,O"]
[Result "1/2-1/2"]
[WhiteElo "2310"]
[BlackElo "2399"]
[EventDate "2010.02.25"]

1. e4 d6 2. d4 Nf6 3. Nc3 g6 4. f3 c6 5. Be3 Nbd7 6. Qd2 b5 7. g4 Nb6 8. b3
Bg7 9. a4 b4 10. Nce2 a5 11. Ng3 Ba6 12. Bxa6 Rxa6 13. N1e2 e6 14. O-O h5
15. h3 Ra8 16. Kg2 h4 17. Nh1 d5 18. e5 Nfd7 19. Nf2 Rc8 20. Nd3 Bf8 21. c3
c5 22. dxc5 bxc3 23. Qxc3 Nxc5 24. Qxa5 Nxd3 25. Bxb6 Qd7 26. f4 Be7 27.
Qd2 Nb4 28. Rac1 O-O 29. Bd4 Rxc1 30. Rxc1 Rc8 31. Rxc8+ Qxc8 32. Bc3 d4
33. Bxb4 Qb7+ 34. Kf2 Bxb4 35. Qxd4 Ba5 36. Qd3 Qh1 37. Ke3 Qxh3+ 38. Kd4
Qxg4 39. Kc4 h3 40. Kb5 h2 41. Ng3 Bc7 42. Kc6 Ba5 43. Kb5 Bc7 44. Kc6 Ba5
1/2-1/2

[Event "Zagreb Open GpA"]
[Site "Zagreb CRO"]
[Date "2010.03.02"]
[Round "7"]
[White "Franic,M"]
[Black "Pandurevic,M"]
[Result "1-0"]
[WhiteElo "2392"]
[BlackElo "2314"]
[EventDate "2010.02.25"]

1. d4 Nf6 2. c4 d6 3. Nc3 Bf5 4. g3 e5 5. d5 Be7 6. Bg2 Na6 7. e4 Bg4 8. f3
Bd7 9. Be3 c6 10. Nge2 O-O 11. O-O cxd5 12. cxd5 Ne8 13. Qd2 b5 14. Rfc1 b4
15. Nd1 Nc5 16. Nf2 Bb5 17. f4 Rc8 18. Bxc5 dxc5 19. fxe5 c4 20. Bh3 Rb8
21. d6 Bg5 22. Nf4 a5 23. Qd4 Nc7 24. Rd1 Na6 25. e6 Kh8 26. Nh5 1-0

[Event "Zagreb Open GpA"]
[Site "Zagreb CRO"]
[Date "2010.03.02"]
[Round "7"]
[White "Klasan,V"]
[Black "Maras,M"]
[Result "0-1"]
[WhiteElo "2353"]
[BlackElo "2256"]
[EventDate "2010.02.25"]

1. e4 c5 2. Nf3 Nc6 3. b3 d6 4. Bb5 Bd7 5. O-O a6 6. Bxc6 Bxc6 7. Re1 e5 8.
c3 Ne7 9. d4 Ng6 10. Bb2 Be7 11. Nbd2 O-O 12. Qc2 Rc8 13. dxc5 dxc5 14. Nc4
Qc7 15. Ne3 Rfd8 16. c4 f6 17. Nd5 Bxd5 18. cxd5 Qd7 19. h3 Bd6 20. Nd2 b5
21. a4 Qb7 22. g3 Nf8 23. Ra2 Ra8 24. Rea1 Nd7 25. Qd3 c4 26. bxc4 Nc5 27.
Qc2 Nxa4 28. Rxa4 bxa4 29. Rxa4 Rdc8 30. Bc3 Rcb8 31. Qa2 Bc5 32. Kg2 Qb6
33. f4 Ra7 34. fxe5 fxe5 35. Bxe5 Rf8 36. Nf3 Rxf3 37. Kxf3 Rf7+ 38. Bf4 g5
39. Rxa6 Qb4 40. Ra8+ Bf8 41. Ra7 Qc3+ 42. Ke2 gxf4 43. Rxf7 Qe3+ 44. Kf1
Kxf7 45. Qf2 Qxg3 46. e5 Qxh3+ 47. Kg1 Qe3 0-1

[Event "Zagreb Open GpA"]
[Site "Zagreb CRO"]
[Date "2010.03.03"]
[Round "8"]
[White "Kozul,Z"]
[Black "Ulibin,M"]
[Result "1/2-1/2"]
[WhiteElo "2617"]
[BlackElo "2548"]
[EventDate "2010.02.25"]

1. d4 e6 2. c4 f5 3. g3 Nf6 4. Bg2 c6 5. Qc2 d5 6. Nh3 Bd6 7. O-O O-O 8.
Bf4 Be7 9. Nc3 Nh5 10. Rad1 Nxf4 11. Nxf4 Bd6 12. Nd3 Nd7 13. c5 Bc7 14. f4
Nf6 15. b4 Bd7 16. Rb1 Ne4 17. e3 Qe7 18. Ne5 Rfc8 19. Nxe4 fxe4 20. Nxd7
Qxd7 21. h4 b6 22. Bh3 a5 23. f5 bxc5 24. bxc5 e5 25. Kg2 Qf7 26. f6 Rcb8
27. fxg7 Qg6 28. Bf5 Qh6 29. Bxe4 Kxg7 30. Bxh7 e4 31. Bxe4 Qxe3 32. Bf3
Rxb1 33. Rxb1 Qxd4 34. Qf5 Rf8 35. Qg4+ Qxg4 36. Bxg4 Be5 37. Bd7 Bd4 38.
Bxc6 Rf2+ 39. Kh3 Bxc5 40. Bxd5 Rd2 41. Bc4 a4 42. Rf1 Rd4 43. Rc1 Bd6 44.
g4 Kf6 45. g5+ Kf5 46. Ba6 Rd2 47. Bc8+ Kg6 48. Rc6 Rd3+ 49. Kg2 Kh5 50.
Rc4 Rd2+ 51. Kf3 Rxa2 52. Bd7 Ra3+ 53. Ke2 Ra2+ 54. Kd3 Ra3+ 55. Kc2 Re3
56. Kd2 Re7 57. Bxa4 Bg3 58. Bd1+ Kg6 59. Rc6+ Kf5 60. Rf6+ Ke5 61. Rh6 Kf5
62. Rh8 Bxh4 63. Rxh4 Kxg5 64. Ra4 Re5 65. Bf3 Kf5 66. Kd3 Re1 67. Be2 Ke5
68. Kd2 Rh1 69. Ke3 Re1 70. Ra5+ Kd6 71. Kd3 Rh1 72. Bg4 Rg1 73. Bf3 Rb1
74. Kc4 Ke6 75. Be4 Rb2 76. Kd4 Rb4+ 77. Ke3 Rb8 78. Bd5+ Ke5 79. Bf3+ Ke6
80. Kf4 Kd6 81. Rd5+ Ke6 82. Rd4 Rb6 83. Bg4+ Kf6 84. Bf5 Ra6 85. Be4 Rb6
86. Rd2 Ra6 87. Rh2 Rd6 88. Rh6+ Ke7 89. Rh5 Kf6 90. Bd5 Kg6 91. Rg5+ Kf6
92. Rf5+ Kg6 93. Bf7+ Kg7 94. Kg5 Ra6 95. Bh5 Ra7 96. Bg6 Rc7 97. Ra5 Re7
98. Ra1 Re5+ 99. Bf5 Re7 100. Rh1 Rf7 101. Bg6 Re7 102. Kf5 Kf8 103. Kf6
Rf7+ 104. Kg5 Re7 105. Bf5 Kg7 106. Rh6 Rf7 107. Re6 Kf8 108. Re1 Kg7 109.
Rh1 Re7 110. Rh6 Rf7 111. Be6 Rf2 112. Rh1 Rg2+ 113. Bg4 Rb2 114. Bf5
1/2-1/2

[Event "Zagreb Open GpA"]
[Site "Zagreb CRO"]
[Date "2010.03.03"]
[Round "8"]
[White "Brkic,A"]
[Black "Palac,M"]
[Result "1-0"]
[WhiteElo "2564"]
[BlackElo "2563"]
[EventDate "2010.02.25"]

1. e4 c5 2. Nf3 d6 3. d4 cxd4 4. Nxd4 Nf6 5. Nc3 a6 6. Bg5 e6 7. f4 Qb6 8.
Qd3 Qxb2 9. Rb1 Qa3 10. f5 Be7 11. fxe6 fxe6 12. Be2 Qa5 13. Bd2 Qc7 14. g4
h6 15. Qh3 O-O 16. g5 hxg5 17. Nxe6 Qc6 18. Qf5 Re8 19. Nd5 Bd8 20. Nxd8
Bxf5 21. Nxf6+ gxf6 22. Nxc6 Bxe4 23. Nxb8 Bxh1 24. Kf2 Raxb8 25. Rxh1 Re4
26. Bd3 Ra4 27. Kg3 Rc8 28. Re1 Rxa2 29. Re7 Rcxc2 30. Bxc2 Rxc2 31. Be3
Re2 32. Kg4 Kf8 33. Re6 Rxh2 34. Kf5 Kf7 35. Rxd6 Rb2 36. Rd7+ Ke8 37. Ke6
Rc2 38. Rxb7 Rc6+ 39. Kd5 Rc3 40. Bc5 Kd8 41. Kc6 Kc8 42. Rc7+ 1-0